01444cam a2200277 i 45000010009000000050017000090080041000260200018000670200015000850350020001000400028001200820022001481000032001702450150002022460047003522460027003992500075004262600044005013000034005455000121005795040051007005200326007516500022010777000034010997000033011331817429420240530110538.0140602s2015 paua f b 001 0 eng  a9781451194340 a145119434X a(DNLM)101633736 aDNLM/DLCcDLCerdadDLC04a616.89 /bS K2211 aSadock, Benjamin J.,d1933-10aKaplan & Sadock's synopsis of psychiatry :bbehavioral sciences/clinical psychiatry /cBenjamin James Sadock, Virginia Alcott Sadock, Pedro Ruiz.1 aKaplan and Sadock's synopsis of psychiatry1 aSynopsis of psychiatry a11th ed. /bBenjamin James Sadock, Virginia Alcott Sadock, Pedro Ruiz. aPhiladelphia :bWolters Kluwer,cc2015. axvi, 1472 p.:bill. ;c27 cm. aPreceded by Kaplan & Sadock's synopsis of psychiatry / Benjamin James Sadock, Virginia Alcott Sadock. 10th ed. 2007. aIncludes bibliographical references and index. a"The goal of this book is to foster professional competence and ensure the highest quality care to those with mental illness. An eclectic, multidisciplinary approach has been its hallmark; thus, biological, psychological, and sociological factors are equitably presented as they affect the person in health and disease"--04aMental Disorders.1 aSadock, Virginia A.,eauthor.1 aRuiz, Pedro,d1936-eauthor.